000 01130nam a22002657a 4500
005 20170124103109.0
010 _aB-157980
020 _c150.00
_a8173154031
035 _aB-157980
037 _bCen Lib/Ret
040 _aDPL
_bHN
082 _a921
_bजवले
100 _aजवलेकर, अरविंद
_979122
245 _aलोकमाता :
_cअरविंद जवलेकर
_bअहिल्याबाई /
246 _aLokmata : Ahilyabai /
_bby Arvind Javlekar
260 _aनई दिल्ली
_bप्रभात प्रकाशन
_c2002
270 _bनई दिल्ली
_a4/19, आसफ अली रोड
_e110002
300 _a150पृ. :
_c21सेमी(सजिल्द)
_bसचित्र
500 _aसंदर्भ शामिल
650 _aहिन्दी साहित्य
_979123
650 _aहिन्दी -- जीवनी - अहिल्याबाई
_948332
650 _aHindi literature
_979124
650 _aHindi -- biography - Ahilyabai
_979125
942 _2ddc
_cHN
_h921
_mजवले
999 _c118257
_d118257